Vista normal
Vista MARC
Entrada Nombre personal
Número de registros utilizados en: 7
001 - NÚMERO DE CONTROL
- Campo de control: 25653
003 - IDENTIFICADOR DE NÚMERO DE CONTROL
- Campo de control: ES-MaCES
005 - FECHA Y HORA DE LA ULTIMA MODIFICACION
- Campo de control: 20141020143919.0
008 - ELEMENTOS DE DATOS DE LONGITUD FIJA
- Campo de longitud fija: 981124 | azznnaabn |n aaa d
035 ## - NÚMERO DE CONTROL DEL SISTEMA
- Número de control del sistema: CES19980041555n
040 ## - FUENTE DE LA CATALOGACIÓN
- Agencia original de catalogación: ES-MaCES
- Idioma de catalogación: spa
- Agencia de transcripción: ES-MaCES
100 1# - ENCABEZAMIENTO--NOMBRE DE PERSONA
- Nombre personal: Velasco, Roberto
400 ## - TRAZADO VEÁSE--NOMBRE DE PERSONA
- Nombre personal: Velasco Barroetabeña, Roberto
670 ## - FUENTE DE DATOS ENCONTRADOS
- Fuente de citación: BN
901 ## - CES. DATOS SIRTEX
- ID Sirtex (N5N8): 0001500004155
- 005BIS Sirtex: 199811241200MIG

